| 000 | 00919nam a22002777a 4500 | ||
|---|---|---|---|
| 001 | 1515 | ||
| 003 | CO-MdFUSB | ||
| 005 | 20180622072716.0 | ||
| 008 | 170418t1976 xxu||||| |||| 00| 0 eng d | ||
| 020 | _a0-87680-875-5 | ||
| 040 |
_aCO-MdFUSB _bspa _cCO-MdFUSB _dCO-MdFUSBC _erda |
||
| 041 | 0 | _aeng | |
| 082 | 0 | 4 | _aG 209.7 G171n |
| 100 | 1 | _aGallivan, C. E. (Editor) | |
| 245 | 2 |
_aA nation under God? _c / C. E. Gallivan, Editor |
|
| 264 | 4 |
_aWaco, TX., USA : _bWord, _c©1976 |
|
| 300 | _a136 páginas | ||
| 336 |
_2rdacontent _a1 _ba1 |
||
| 337 |
_2rdamedia _a2 _b5 |
||
| 338 |
_2rdacarrier _a2 _b5 |
||
| 501 | _aRústico | ||
| 505 | 0 | 0 | _aEl legado de Lincoln - La fe de los padres fundadores - El caso para la rebelión - ¿Es Dios una mujer? - Cómo muere una nación - ¿Vas a robarle a Dios? - La religión mundial que viene |
| 650 | 7 |
_aReligión _9385 |
|
| 653 | _aEstados Unidos - Religión | ||
| 942 | _cBK | ||
| 999 |
_c32835 _d32835 |
||